000 00287nam a22001337a 4500
008 180914b xxu||||| |||| 00| 0 eng d
020 _a0155978969
041 _aeng
080 _a821
100 _a21
101 _aGJL
245 _aWriting in Context
_cCapek, M.E.S
942 _2udc
_cBK
999 _c47782
_d47782